Datum a čas kvízu

21.5 Celkem bodů Celkový počet nahraných bodů na tomto kvízu bez doplňovacích otázek.
3. Pořadí na kvízu Konečné umístění týmu na tomto kvízu.

Zaznamenané odpovědi

# Otázka Odpověď Body Výsledky
1. Andrej Babiš se při své návště... 1
2. Orbánova vláda minulý týden za... 1
3. Jak se jmenuje první osobnost,... 1
4. Softwarový přehrávač MP3 od sp... 1
5. V neděli získaly tyto české te... 0
6. V hlasování na facebooku poraz... 0
7. "Ten Francin je nějaké ____ na... 0
8. Jak se jmenoval hlavní hrdina... 0
9. Kterým slovem, pro Hrabala typ... 0
10. Celkem kolik osob cestuje dopr... 1